[Event "Teplice op 6th"]
[Site "Teplice"]
[Date "2011.06.12"]
[Round "2"]
[White "Kaluzny, Jiri"]
[Black "Bartos, Pavel"]
[Result "1-0"]
[WhiteElo "1866"]
[BlackElo "1681"]
[PlyCount "131"]
[EventDate "2011.06.11"]
[EventType "swiss"]
[EventRounds "9"]
[EventCountry "CZE"]
[SourceTitle "CBM 142 Extra"]
[Source "ChessBase"]
[SourceDate "2011.06.27"]
[SourceVersion "1"]
[SourceVersionDate "2011.06.27"]
[SourceQuality "1"]

1. e4 e5 2. Nf3 Nc6 3. Bc4 Bc5 4. b4 Bxb4 5. c3 Be7 6. d4 exd4 7. cxd4 Bb4+ 8. Kf1 Qe7 9. a3 Ba5 10. e5 f6 11. Qb3 Qf8 12. Ra2 Nge7 13. Re2 Bb6 14. exf6 gxf6 15. Qb5 Qg7 16. Nh4 h5 17. Nf5 Qf8 18. Nc3 Kd8 19. Nxe7 Nxe7 20. d5 d6 21. a4 Bd7 22. Qb2 Bd4 23. Qxb7 Rc8 24. Nb5 Bxb5 25. Bxb5 Qf7 26. Ba6 Qg6 27. Qb4 Bc5 28. Qe1 Rg8 29. g3 Rg7 30. Bxc8 Nxc8 31. Bf4 Qd3 32. Qd2 Qxd2 33. Rxd2 Nb6 34. a5 Nc8 35. Rc2 Re7 36. Kg2 Re4 37. Rd1 Kd7 38. Rdd2 Re7 39. Rb2 Re8 40. Kf3 Ne7 41. Be3 Bxe3 42. fxe3 a6 43. e4 Ng6 44. Rdc2 Rc8 45. Rb7 Ne5+ 46. Ke3 Ng4+ 47. Kd4 Kd8 48. h3 Ne5 49. Rf2 Nd7 50. Rf5 Nc5 51. Rb1 Ke7 52. Rxh5 Kf7 53. Rf5 Re8 54. Rf4 c6 55. h4 Kg6 56. Rb6 cxd5 57. exd5 Rd8 58. Rf1 f5 59. h5+ Kg5 60. Rh1 Kh6 61. Rf1 Kg5 62. h6 Kxh6 63. Rxf5 Kg6 64. Rf1 Kg7 65. Rc1 Kf6 66. Rxc5 1-0

[Event "Karlovy Vary op"]
[Site "Karlovy Vary"]
[Date "2011.04.30"]
[Round "4"]
[White "Bartos, Pavel"]
[Black "Stuska, Premysl"]
[Result "1-0"]
[WhiteElo "1688"]
[BlackElo "1746"]
[PlyCount "33"]
[EventDate "2011.04.28"]
[EventType "swiss"]
[EventRounds "8"]
[EventCountry "CZE"]
[SourceTitle "CBM 142 Extra"]
[Source "ChessBase"]
[SourceDate "2011.06.27"]
[SourceVersion "1"]
[SourceVersionDate "2011.06.27"]
[SourceQuality "1"]

1. e4 e5 2. Nf3 Nc6 3. Bc4 Bc5 4. c3 Nf6 5. d4 exd4 6. cxd4 Bb4+ 7. Nc3 Nxe4 8. 0-0 Nxc3 9. bxc3 Bxc3 10. Qb3 d5 11. Bxd5 Be6 12. Bxc6+ bxc6 13. Qxc3 Qd5 14. Ba3 Rb8 15. Qc5 Qxc5 16. Bxc5 a6 17. Ne5 1-0

[Event "Karlovy Vary op"]
[Site "Karlovy Vary"]
[Date "2011.04.29"]
[Round "2"]
[White "Lorencova, Vera"]
[Black "Bartos, Pavel"]
[Result "1-0"]
[WhiteElo "1994"]
[BlackElo "1688"]
[PlyCount "63"]
[EventDate "2011.04.28"]
[EventType "swiss"]
[EventRounds "8"]
[EventCountry "CZE"]
[SourceTitle "CBM 142 Extra"]
[Source "ChessBase"]
[SourceDate "2011.06.27"]
[SourceVersion "1"]
[SourceVersionDate "2011.06.27"]
[SourceQuality "1"]

1. e4 e5 2. d4 exd4 3. Nf3 d6 4. Nxd4 c5 5. Nf3 Nf6 6. e5 Qe7 7. Bc4 dxe5 8. 0-0 Qd6 9. Qe2 Be7 10. Rd1 Qc7 11. Nxe5 0-0 12. Bf4 Bd6 13. Nc3 Bxe5 14. Bxe5 Qe7 15. Nb5 Ne8 16. Rd3 Nc6 17. Re3 Be6 18. Bxe6 fxe6 19. Bg3 Nd8 20. Rd1 a6 21. Nd6 Nc7 22. Qg4 b6 23. Bh4 Qd7 24. Nb7 Nd5 25. Nxd8 Raxd8 26. Bxd8 Nxe3 27. fxe3 Qc6 28. Be7 Qc8 29. Bxf8 Kxf8 30. Rf1+ Kg8 31. Qf4 Qd8 32. Qf7+ 1-0